000 00462nam a2200169Ia 4500
003 GCL
008 140319s9999 xx 000 0 eng d
040 _aGCL /
_cGCL
082 0 4 _a005.75
_bP P
100 1 _aPFAFFENBERGER, BRYAN
245 1 0 _aPUBLISH IT ON THE WEB 1: WINDOWS VERSION /
_cPFAFFENBERGER, BRYAN
260 _a[S.N] :
_bAP PROFESSIONAL ،
_c1995
300 _a441 P
650 0 4 _aشعر الحرب
650 0 4 _aWORLD WIDE WEB
942 _2ddc
_cBK
999 _c13377
_d13377